Zero waste management (Record no. 506202)

000 -LEADER
fixed length control field 00455nam a2200157Ia 4500
008 - FIXED-LENGTH DATA ELEMENTS--GENERAL INFORMATION
fixed length control field 181130s2018 xx 000 0 und d
100 ## - MAIN ENTRY--PERSONAL NAME
Personal name Rani, Midatala
245 ## - TITLE STATEMENT
Title Zero waste management
Remainder of title a key to sustainable development
260 ## - PUBLICATION, DISTRIBUTION, ETC.
Date of publication, distribution, etc. 2018
300 ## - PHYSICAL DESCRIPTION
Extent p.106-110.
504 ## - BIBLIOGRAPHY, ETC. NOTE
-- Jan-Jun
650 ## - SUBJECT ADDED ENTRY--TOPICAL TERM
Topical term or geographic name entry element Sustainable development
650 ## - SUBJECT ADDED ENTRY--TOPICAL TERM
Topical term or geographic name entry element Waste management
773 ## - HOST ITEM ENTRY
Main entry heading South Asian Journal of Socio-Political Studies
906 ## - LOCAL DATA ELEMENT F, LDF (RLIN)
a Waste management
Holdings
Withdrawn status Lost status Damaged status Not for loan Permanent Location Current Location Date acquired Serial Enumeration / chronology Barcode Date last seen Price effective from Koha item type
        Indian Institute of Public Administration Indian Institute of Public Administration 2018-12-07 18(2), Jan-Jun, 2018: p.106-110. AR117997 2018-12-07 2018-12-07 Articles

Powered by Koha